000 01029nam a2200289 a 4500
001 42148
003 BD-RjUL
005 20211209053511.0
008 160609r19671953mauab b 001 0 eng
035 _a(BD-RjUL) 42266
035 _a(OCoLC)575450
040 _aDLC
_cOClU
_dMoSU-L
_dUk
_dDLC
_beng
041 _aeng
082 _a954.09
_223
_bBRU 1967
100 1 _aBrown, W. Norman
_q(William Norman),
_d1892-1975.
_9129500
245 1 4 _aThe United States and India and Pakistan /
_cby W. Norman Brown.
250 _arev. and enl. edi.
260 _aCambridge :
_bHarvard University Press,
_c1953 [r 1967]
300 _ax,444 p. :
_bill ;
_c20 cm.
504 _aBibliography: p. [291-297] and Index.
651 0 _aIndia
_xPolitics and government
_y1947-
_9125446
651 0 _aPakistan
_xPolitics and government.
_9128313
651 0 _aUnited States
_xForeign relations
_zIndia.
_9128143
651 0 _aIndia
_xForeign relations
_zUnited States.
_9128144
942 _2ddc
_cBK
999 _c42148
_d42148